|
|
|
|
| LEADER |
00000nam a2200000 a 4500 |
| 001 |
vtls001075346 |
| 003 |
SK-MaSNL |
| 005 |
20260331203134.0 |
| 008 |
250414s1994 xo 0 slo |
| 015 |
|
|
|a SNBA1994/06
|
| 020 |
|
|
|a 8021705728
|
| 035 |
|
|
|a SNK000018178
|
| 040 |
|
|
|a SNK
|b slo
|c SNK
|e AACR2
|
| 041 |
0 |
|
|a slo
|
| 044 |
|
|
|a xo
|c SK
|
| 080 |
|
|
|a 616.72-002.77(035)
|2 1981
|
| 100 |
1 |
|
|a Rovenský, Jozef,
|d 1943-2024
|4 zos
|9 189097
|
| 245 |
1 |
0 |
|a Pokroky v reumatológii
|c Zost. Jozef Rovenský, František Máliš ; Obál. a väzba Peter Ďurík
|
| 260 |
|
|
|a Martin
|b Osveta
|c 1994
|e Banská Bystrica
|f Tlačiarne BB
|
| 300 |
|
|
|a 253 s.
|b Reg., sch., tab., lit. 504 zázn. v angl., češ., franc. a slov.
|c 20 cm
|
| 490 |
0 |
|
|a Edícia pre postgraduálne štúdium lekárov a farmaceutov. Hálkova zbierka
|v Zv. 69
|
| 700 |
1 |
|
|a Máliš, František
|4 com
|9 10873
|
| 700 |
1 |
|
|a Ďurík, Peter,
|d 1947-
|4 nob
|9 85892
|
| 852 |
|
|
|a Slovenská národná knižnica
|
| 919 |
|
|
|a 80-217-0572-8
|
| 954 |
|
|
|a reumatológia
|
| 958 |
|
|
|a APR
|
| 958 |
|
|
|a TL
|
| 958 |
|
|
|a NB
|
| 999 |
|
|
|c 877960
|d 879890
|
| 952 |
|
|
|t P60, <04>, [BOOK], {604}
|a SNK
|b SNK
|y VYP
|7 0
|p 17A0055936
|o snkSC 85960 D1
|0 0
|1 0
|4 0
|d 1997-03-13
|l 0
|r 2004-12-31 00:00:00
|w 2026-02-24
|